|
|
|
|
| LEADER |
03692nam a22004695i 4500 |
| 001 |
978-1-4419-7082-4 |
| 003 |
DE-He213 |
| 005 |
20151204151502.0 |
| 007 |
cr nn 008mamaa |
| 008 |
101109s2011 xxu| s |||| 0|eng d |
| 020 |
|
|
|a 9781441970824
|9 978-1-4419-7082-4
|
| 024 |
7 |
|
|a 10.1007/978-1-4419-7082-4
|2 doi
|
| 040 |
|
|
|d GrThAP
|
| 050 |
|
4 |
|a HF5410-5417.5
|
| 072 |
|
7 |
|a KJS
|2 bicssc
|
| 072 |
|
7 |
|a KJSM
|2 bicssc
|
| 072 |
|
7 |
|a BUS043000
|2 bisacsh
|
| 082 |
0 |
4 |
|a 658.8
|2 23
|
| 100 |
1 |
|
|a Bhalla, Gaurav.
|e author.
|
| 245 |
1 |
0 |
|a Collaboration and Co-creation
|h [electronic resource] :
|b New Platforms for Marketing and Innovation /
|c by Gaurav Bhalla.
|
| 264 |
|
1 |
|a New York, NY :
|b Springer New York,
|c 2011.
|
| 300 |
|
|
|a XIV, 205 p.
|b online resource.
|
| 336 |
|
|
|a text
|b txt
|2 rdacontent
|
| 337 |
|
|
|a computer
|b c
|2 rdamedia
|
| 338 |
|
|
|a online resource
|b cr
|2 rdacarrier
|
| 347 |
|
|
|a text file
|b PDF
|2 rda
|
| 520 |
|
|
|a Praise for Collaboration and Co-Creation “In today’s customer-empowered world, collaboration and co-creation competencies are critical to the future growth of a company…Gaurav Bhalla offers a concrete framework and specific examples that managers can use to implement value co-creation programs with their customers. A must-read for companies not wishing to get left behind!” --Vijay Govindarajan, Earl C. Daum 1924 Professor of International Business, Tuck School of Business, Dartmouth College “Collaboration and co-creation is the sweet spot for rethinking how companies should practice marketing and innovation…Gaurav Bhalla’s book is very timely, and offers readers an effective way for building businesses around customers.” --Nicolas Mirzayantz, Group President, Fragrances, International Flavors and Fragrances “Companies can't afford to fake it. Customer-driven innovation has moved from the edge to become a core business practice. Gaurav Bhalla helps you understand what it takes to make this shift, and not a moment too soon.” --John Hagel III, Co-Chairman, Deloitte Center for the Edge, and co-author, The Power of Pull “If running your business seems more difficult lately, reading this book will help you understand why. It will also provide insights into how collaboration and co-creation can improve your company’s performance.” --Vince Barabba, Author, Meeting of the Minds, and Founder and Chairman, Market Insight Corporation “Gaurav Bhalla is after big game: how the world’s leading institutions are connecting and collaborating with their most important asset – their customers – in novel and important ways…This book is an important one to read for any marketing, market research, or product innovation professional.” --Steve Howe, CEO, Passenger “Based on my research it is clear that user co-creation is a strong driver for transforming the marketing and innovation programs of those companies that dare to listen and respond. Gaurav Bhalla provides a solid framework to guide this process and a rich set of case stories to explain why and how.” --Jacob Buur, Professor of Participatory Innovation, Research Director of SPIRE, University of Southern Denmark.
|
| 650 |
|
0 |
|a Business.
|
| 650 |
|
0 |
|a Marketing.
|
| 650 |
|
0 |
|a Management.
|
| 650 |
|
0 |
|a Organization.
|
| 650 |
|
0 |
|a Planning.
|
| 650 |
1 |
4 |
|a Business and Management.
|
| 650 |
2 |
4 |
|a Marketing.
|
| 650 |
2 |
4 |
|a Management.
|
| 650 |
2 |
4 |
|a Organization.
|
| 710 |
2 |
|
|a SpringerLink (Online service)
|
| 773 |
0 |
|
|t Springer eBooks
|
| 776 |
0 |
8 |
|i Printed edition:
|z 9781441970817
|
| 856 |
4 |
0 |
|u http://dx.doi.org/10.1007/978-1-4419-7082-4
|z Full Text via HEAL-Link
|
| 912 |
|
|
|a ZDB-2-SBE
|
| 950 |
|
|
|a Business and Economics (Springer-11643)
|